| 000 | 00571nam a2200181 i 4500 | ||
|---|---|---|---|
| 001 | 24848 | ||
| 003 | ES-MaACL | ||
| 005 | 20230906153138.0 | ||
| 007 | t| | ||
| 008 | 021219s1963 sp ||||1| spa d | ||
| 245 | 0 | 0 |
_aAntología de la poesía montañesa _b: (1500-1963) / _cMiguel Angel de Argumosa. |
| 260 |
_a[Madrid : _bs.n., _c1963] ( _fIndus. Gráf. Iruma) |
||
| 300 |
_a215 p. ; _c25 cm. |
||
| 700 | 1 |
_aArgumosa, Miguel Angel de. _922735 |
|
| 852 |
_aES-MaACL _jC-26328 _bR.55447 |
||
| 852 |
_aES-MaACL _jC-24576 _bR.53345 |
||
| 852 |
_aES-MaACL _jC-25805 _bR.54386 |
||
| 999 |
_c24848 _d24848 |
||